Normal view
MARC view
- includes index
Entry Genre/Form Term
001 - CONTROL NUMBER
- control field: 91053
003 - CONTROL NUMBER IDENTIFIER
- control field: NUST
005 - DATE AND TIME OF LATEST TRANSACTION
- control field: 20220420101533.0
008 - FIXED-LENGTH DATA ELEMENTS
- fixed length control field: 220420|| aca||aabn | a|a d
040 ## - CATALOGING SOURCE
- Original cataloging agency: NUST
- Transcribing agency: NUST
155 ## - HEADING--GENRE/FORM TERM
- Genre/form term: includes index
670 ## - SOURCE DATA FOUND
- Source citation: Work cat.: (NUST): Younus, Muhammad 91051, Reflections on China: An ambassador's view from Beijing, 1986
